Loose change (Record no. 72191)

MARC details
000 -LEADER
fixed length control field 01478cam a2200289 4500
001 - CONTROL NUMBER
control field ABS66413
008 - FIXED-LENGTH DATA ELEMENTS--GENERAL INFORMATION
fixed length control field 030303n2003 000 0 eng u
035 ## - SYSTEM CONTROL NUMBER
System control number (Sirsi) u121477
100 ## - MAIN ENTRY--PERSONAL NAME
Personal name Lawson, R.
245 ## - TITLE STATEMENT
Title Loose change
260 ## - PUBLICATION, DISTRIBUTION, ETC.
Date of publication, distribution, etc. 2003
490 ## - SERIES STATEMENT
Series statement Solicitors' Journal
Volume/sequential designation 147(2) 17 January 2003, 40-42(3)
490 ## - SERIES STATEMENT
Series statement Solicitors' Journal
Volume/sequential designation 147(6) 24 January 2003, 80-81(2)
520 ## - SUMMARY, ETC.
Summary, etc. Examines how the Enterprise Act 2002 will affect insolvency law. Explains how the Insolvency Act 1986 had some serious gaps with its inability to obtain an interim order in company voluntary arrangements. The changes introduced in the Act include the abolition of administrative receivership and personal bankruptcy to be limited to 12 months. Also details the changes to receivership which will bring in a much more effective administrative machine. The existing four statutory purposes will be replaced with a single initial objective of rescuing the company as a going concern. The changes to corporate insolvency law will be brought into force by secondary legislation from about July 2003.
590 ## - LOCAL NOTE (RLIN)
Local note ABS
650 ## - SUBJECT ADDED ENTRY--TOPICAL TERM
Topical term or geographic name entry element CONSUMER LAW
650 ## - SUBJECT ADDED ENTRY--TOPICAL TERM
Topical term or geographic name entry element CONSUMER PROTECTION
650 ## - SUBJECT ADDED ENTRY--TOPICAL TERM
Topical term or geographic name entry element ENTERPRISE ACT 2002
650 ## - SUBJECT ADDED ENTRY--TOPICAL TERM
Topical term or geographic name entry element INSOLVENCY LAW
650 ## - SUBJECT ADDED ENTRY--TOPICAL TERM
Topical term or geographic name entry element INSOLVENCY ACT 1986
650 ## - SUBJECT ADDED ENTRY--TOPICAL TERM
Topical term or geographic name entry element ADMINISTRATIVE RECEIVERSHIP
650 ## - SUBJECT ADDED ENTRY--TOPICAL TERM
Topical term or geographic name entry element PERSONAL BANKRUPTCY
650 ## - SUBJECT ADDED ENTRY--TOPICAL TERM
Topical term or geographic name entry element RECEIVERSHIP
690 ## - LOCAL SUBJECT ADDED ENTRY--TOPICAL TERM (OCLC, RLIN)
Topical term or geographic name as entry element MANAGEMENT-BUSINESS MANAGEMENT
700 ## - ADDED ENTRY--PERSONAL NAME
Personal name Archer, D.
942 ## - ADDED ENTRY ELEMENTS (KOHA)
Suppress in OPAC 0
Holdings
Withdrawn status Lost status Source of classification or shelving scheme Damaged status Not for loan Home library Current library Shelving location Date acquired Total Checkouts Full call number Barcode Date last seen Copy number Price effective from Koha item type
    Dewey Decimal Classification     London London Journal article 03/03/2003   ABS66413 121477-1001 06/08/2019 1 06/08/2019 Journal article